Ultrasonic devlulcanization of SBR rubber: Experimentation and modeling based on cavitation and percolation theories (Record no. 71717)

MARC details
000 -LEADER
fixed length control field 00445nam a2200145Ia 4500
100 ## - MAIN ENTRY--AUTHOR NAME
Personal name Yushanov S P
245 #0 - TITLE STATEMENT
Title Ultrasonic devlulcanization of SBR rubber: Experimentation and modeling based on cavitation and percolation theories
260 ## - PUBLICATION, DISTRIBUTION, ETC. (IMPRINT)
Name of publisher Rubber Chemistry and Technology
Year of publication 1998
300 ## - PHYSICAL DESCRIPTION
Number of Pages 168-190
650 ## - SUBJECT ADDED ENTRY--TOPICAL TERM
Topical Term SBR rubber
700 ## - ADDED ENTRY--PERSONAL NAME
Personal name Isayev A I
700 ## - ADDED ENTRY--PERSONAL NAME
Personal name Kim S H
942 ## - ADDED ENTRY ELEMENTS (KOHA)
Koha item type Journals
Holdings
Withdrawn status Lost status Damaged status Not for loan Home library Current library Shelving location Date acquired Serial Enumeration / chronology Koha item type
      Journals RRII Library RRII Library Rubber chemistry 17/12/2021 Volume 71, Issue 2 Journals